01168nam a2200193Ia 4500001001100000003001000011008004100021040002500062041001300087100001900100245007300119250001100192260008100203300001200284500026400296501011400560520026400674650003600938L200-54513IT-CnALBA170116s9999||||xx |||||||||||||| ||und|| aIT-CnALBAcIT-CnALBA aITALIANO aGUERRIERO ELIO 0aIL DRAMMA DI DIO. LETTERATURA E TEOLOGIA IN HANS URS VON BALTHASAR.  a1a ed. aMILANObJACA BOOK EDITORIALE c1998 [1° Ed.:1998 - Ed.Ling.Originale: 1999] a117 p.  aPRESENTAZIONE. LA VITA. LO SPLENDORE DELLA GLORIA DI DIO. LO STILE TEOLOGICO. MORTE DI CRISTO COME RIVELAZIONE DELLA GLORIA E VERITÀ DI DIO. ESTETICA TEOLOGICA. GESÙ E IL CRISTIANO. IL PENSIERO DEL DESCENSUS. COLLABORAZIONE CON A. VON SPEYR. ANGOSCIA E GI aSocietà San Paolo EM - Piazza San Paolo, 14 - 12051 ALBA (CN) (non commercial uses only) ® Copyright 2017 aPRESENTAZIONE. LA VITA. LO SPLENDORE DELLA GLORIA DI DIO. LO STILE TEOLOGICO. MORTE DI CRISTO COME RIVELAZIONE DELLA GLORIA E VERITÀ DI DIO. ESTETICA TEOLOGICA. GESÙ E IL CRISTIANO. IL PENSIERO DEL DESCENSUS. COLLABORAZIONE CON A. VON SPEYR. ANGOSCIA E GI aRELIGIONE - RELIGIONE CRISTIANA